| 000 -ლიდერი |
| ფიქსირებული სიგრძის საკონტროლო ველი |
01196nam a22002177a 4500 |
| 003 - საკონტროლო ნომრის იდენტიფიკატორი |
| საკონტროლო ველი |
Ge_BSU |
| 005 - ბოლო ოპერაციის თარიღი და დრო |
| საკონტროლო ველი |
20230403103823.0 |
| 008 - ფიქსირებული სიგრძის მონაცემთა ელემენტები - ზოგადი ინფორმაცია |
| ფიქსირებული სიგრძის საკონტროლო ველი |
230403s2017 ge ||||| |||| 00| 0 geo d |
| 041 ## - ენის კოდი |
| Language code of text/sound track or separate title |
geo |
| 080 ## - უნივერსალური ათობითი კლასიფიკაციის ინდექსი |
| Universal Decimal Classification number |
28 ქ-60 |
| 100 ## - მთავარი ჩანაწერი - პიროვნების სახელი |
| Personal name |
ქონრაფა, ზექაი მ. |
| 9 (RLIN) |
17426 |
| 245 ## - ცნობა სათაურის შესახებ |
| Title |
შუამავალი (ს.ა.ვ.) / |
| Statement of responsibility, etc |
თარგმნა თამაზ მიქელაძემ ; თეოლ. რედაქტორი რეზო მიქელაძე ; ქართველ მუსლიმთა საერთაშორისო საქველმოქმედო ფონდი. |
| 264 ## - წარმოების, გამოცემის, დისტრიბუციის და სხვა ცნობები |
| გამოცემის, წარმოების, დისტრიბუციის... ადგილი |
ბათუმი : |
| გამოცემის, წარმოების, დისტრიბუციის... სახელწოდება |
ერქამი, |
| გამოცემის, წარმოების, დისტრიბუციის... თარიღი |
[2017] |
| 300 ## - ფიზიკური აღწერა |
| Extent |
568 გვ. ; |
| Other physical details |
24 სმ. |
| 653 ## - INDEX TERM--UNCONTROLLED |
| Uncontrolled term |
ისლამი |
| 653 ## - INDEX TERM--UNCONTROLLED |
| Uncontrolled term |
რელიგია |
| 700 ## - ADDED ENTRY--PERSONAL NAME |
| Personal name |
მიქელაძე, თამაზ |
| Relator term |
მთარგმნელი |
| 9 (RLIN) |
6966 |
| 700 ## - ADDED ENTRY--PERSONAL NAME |
| Personal name |
მიქელაძე, რეზო |
| Relator term |
თეოლ. რედაქტორი |
| 9 (RLIN) |
17427 |
| 710 ## - ADDED ENTRY--CORPORATE NAME |
| Corporate name or jurisdiction name as entry element |
ქართველ მუსლიმთა საერთაშორისო საქველმოქმედო ფონდი. |
| 9 (RLIN) |
17428 |
| 942 ## - ADDED ENTRY ELEMENTS (KOHA) |
| Source of classification or shelving scheme |
|
| Koha item type |
წიგნი |